Statystyki dla 10 najpopularniejszych quizów na platformie JetPunk

Kliknij tutaj aby rozwiązać quiz!

Ogólne statystyki

  • Ten quiz został rozwiązany 11 razy
  • Średni wynik to 3 z 10

Statystyki odpowiedzi

RozwiązaniaQuiz% Poprawnych
2 705 175Państwa Swiata
100%
1 342 424Państwa Europy
60%
591 410Stany USA
50%
619 276Stolice Europy
50%
690 677Flagi Europy
30%
1 468 85812 miesięcy w 15 sekund
10%
1 234 877Policz jak najwięcej w 15 sekund
10%
434 743Mapa świata bez 20 losowych państw
0%
486 155Największe miasta w Polsce
0%
435 092Szybkie pisanie od A do Z
0%

Rozkład punktacji

Percentyl według liczby udzielonych odpowiedzi

Procent ludzi z każdym wynikiem

Twoja historia wyników

Nie rozwiązałeś tego quizu